From gurukul to Web 2.0 : (Record no. 90159)

MARC details
000 -LEADER
fixed length control field 00641nam a22001937a 4500
005 - DATE AND TIME OF LATEST TRANSACTION
control field 20141124110755.0
010 ## - LCCN (DPL NO)
LC control number ENG-111292
020 ## - INTERNATIONAL STANDARD BOOK NUMBER
International Standard Book Number 9789380261522
Terms of availability 475.00
035 ## - SYSTEM CONTROL NUMBER
System control number EN-94824
037 ## - SOURCE OF ACQUISITION
Source of stock number/acquisition DBAD/PUB
082 ## - DEWEY DECIMAL CLASSIFICATION NUMBER
Classification number 371.10220954
100 ## - MAIN ENTRY--PERSONAL NAME
Personal name Wahlang, Caroline
245 ## - TITLE STATEMENT
Title From gurukul to Web 2.0 :
Statement of responsibility, etc by Caroline Wahlang
Remainder of title dynamics of communication in education /
260 ## - PUBLICATION, DISTRIBUTION, ETC. (IMPRINT)
Place of publication, distribution, etc Guwahati
Name of publisher, distributor, etc EBH Publishers
Date of publication, distribution, etc 2012
270 ## - ADDRESS
Address 136, M.L. Nehru Road, Panbazar
City Guwahati
Postal code 781001
300 ## - PHYSICAL DESCRIPTION
Extent xvi,136p.
Dimensions 23cm(Hb)
500 ## - GENERAL NOTE
General note Includes bibliographical references and index
942 ## - ADDED ENTRY ELEMENTS (KOHA)
Source of classification or shelving scheme Dewey Decimal Classification
Item type English Books
Call number suffix WAH
Classification part 371.10220954
Holdings
Withdrawn status Lost status Not for loan Collection code Home library Current library Date acquired Source of acquisition Cost, normal purchase price Full call number Barcode Copy number Cost, replacement price Koha item type
    Not For Loan Non-fiction D.B.Act.Division D.B.Act.Division 19/11/2014 DBAD/PUB 475.00 371.10220954 WAH EN-94824 1 475.00 English Books

© Delhi Public Library
Hit Counter
free hit counter